Music Quiz

Random Music or Bands Quiz
Score 0/20 Timer 05:00
0 Plays Today
Mega-Title Artist/Band % Correct
Let Lonely Abbey Please the Hard Magical Yellow RubberThe Beatles
95.5%
The Surf's Summer Surfer Surfin' Summer Days and Summer Nights All Summer LongThe Beach Boys
94.9%
Like the Breathless Virgin Erotica Stories of Ray BlueMadonna
89.4%
Under the Atomic Behind on Joshua the Unforgettable Baby Tree BoyU2
88.9%
Let's Pin Down the Hunky Heroes Who Sold the Young Scary OddityDavid Bowie
72.5%
The Graffiti Door Remains Holy II III IVLed Zeppelin
68.1%
If You Want to Salute Flick You've Got to Blow Up the Black High Voltage HighwayAC/DC
64.2%
Shoot the Tumbleweed Across the Fantastic Yellow Piano of the Leather CowboyElton John
60.7%
12 Satanic Beggars Bleed Their Fingers on the Dirty Main GoatsThe Rolling Stones
56.3%
Reload & Kill All the Justice Puppets for the Magnetic S&M Monster St. LuluMetallica
52.2%
Mega-Title Artist/Band % Correct
The Freewheelin' Nashville Blonde on Another Highway JohnBob Dylan
50.1%
The Heart Races at the News of the Live Hot Opera GameQueen
50%
The 52nd Stranger Dreams of the Innocent Glass Piano in the Cold River HousesBilly Joel
49.7%
Satan Lights the Icky White Elephant BehindThe White Stripes
48.5%
First Warning for the Diver of the 1984 Carnal VanVan Halen
45.3%
People Document the Collapse of Rich Green Around the Hi-Fi MonsterR.E.M.
38.6%
Greetings from the Edge of the Lucky Human Love TunnelBruce Springsteen
37.8%
Just Pump the Nine Hard Rocks of the Honkin' Toys with Permanent WingsAerosmith
35.4%
77 Naked Creatures Fear Songs About Making More Little TonguesTalking Heads
16.8%
The Cruel Armed Model Forces Chocolate in the Profane King of the Useless BedroomElvis Costello
13.4%
Remove Ads.
Support Sporcle.
Get the best of Sporcle when you Go Orange. This ad-free experience offers more features, more stats, and more fun while also helping to support Sporcle. Thank you for becoming a member.

You're not logged in!

Compare scores with friends on all Sporcle quizzes.
OR
Log In

Show Comments

Extras

Top Quizzes Today


Score Distribution

Your Account Isn't Verified!

In order to create a playlist on Sporcle, you need to verify the email address you used during registration. Go to your Sporcle Settings to finish the process.

Report this User

Report this user for behavior that violates our Community Guidelines.

Details: